00237nam a2200097Ia 4500008004100000100001500041245003700056260002200093942000700115999001700122190216s9999||||xx |||||||||||||| ||und|| aThomas A O 0aRasathanthram Nithya Jeevidathil bKerala Basha Inst cBK c37743d37743